000 01859nam a22002417a 4500
005 20211218103730.0
008 211218b ||||| |||| 00| 0 eng d
020 _a1897829515
040 _cAL
082 _223
_a954.6
_bSAKA
100 _aSAKLANI (D D)
_911820
245 _aKashmir Saga: A Bundle of Blunders
260 _aNew Delhi
_bLancer Publishers
_cNew Delhi
300 _a216 p,
_bHB
_c22x14 cm.
365 _b395.00
_c
_d395.00
520 _aJ&K is a complicated problem, compounded by various internal and external factors. Unfortunately the issue has not remained confined to India and Pakistan only but has become a pawn in global and regional power politics. Based on his unique personal experiences, first as a soldier and then as the Security Adviser to the Governor, the author has sketched out the intrigues and blunders which plunged the state into its present state of militancy of disturbing magnitude, causing untold trouble and suffering to the people. The book tells the story of J&K forged by its ironic destiny and by the uncertainties and instabilities of Indian policies. Many pertinent questions arise. Who were the persons responsible for bringing about such a situation in the state and for how long do its people have to suffer the miseries? Is there to be an end to this bloodletting or will the conflict continue as hithertofore? One may wonder what led to the great tragedy in the state. There have been genuine grievances of the people which have not been adequately addressed. Political and administrative lapses created resentments, which have been and continue to be exploited by outside powers.
650 _aInsurgency
_911816
650 _aInternal Security
_911817
650 _aPolitics and Government
_911818
650 _aIndian History
_911819
700 _aSAKLANI (D D)
_911815
942 _2ddc
_cGF
999 _c220971
_d220971